[Event "Berks & Bucks Reserves op-A"]
[White "Purle, David"]
[Black "Biju, Alen Joseph"]
[Site "Maidenhead"]
[Round "5"]
[Result "0-1"]
[Date "2024.08.26"]
[WhiteElo "1503"]
[BlackElo "1443"]
[PlyCount "73"]
[EventDate "2024.08.24"]
[EventType "swiss"]
[EventRounds "6"]
[EventCountry "ENG"]
[SourceTitle "CBM 221 Extra"]
[Source "ChessBase"]
[SourceDate "2024.09.30"]
[SourceVersion "1"]
[SourceVersionDate "2024.09.30"]
[SourceQuality "1"]

1. e4 c5 2. b4 e5 3. Nf3 g6 4. c3 cxb4 5. a3 bxc3 6. Nxc3 Bg7 7. Bc4 Ne7 8. 0-0 0-0 9. d3 h6 10. Be3 Nbc6 11. Qd2 Kh7 12. h4 Nd4 13. Bxd4 exd4 14. Nd5 Nxd5 15. Bxd5 d6 16. g3 Bg4 17. Nh2 Bh3 18. Rfb1 f5 19. exf5 Rxf5 20. Be6 Rxf2 21. Qxf2 Bxe6 22. Rxb7 Bf5 23. Qxd4 Bd7 24. Qd5 Rc8 25. Qf7 Rc7 26. Rab1 Qc8 27. Rb8 Rc1+ 28. Nf1 Qc5+ 29. Qf2 Bd4 30. R1b7 Bxf2+ 31. Kg2 Qc6+ 32. Kxf2 Rc2+ 33. Ke3 Qc5+ 34. d4 Qc3+ 35. Ke4 d5+ 36. Ke5 Re2+ 37. Kf6 0-1

[Event "BCF-ch U12"]
[White "Purle, David"]
[Black "Ding, Yicheng"]
[Site "Hull"]
[Round "5"]
[Result "0-1"]
[Date "2024.08.01"]
[WhiteElo "1505"]
[BlackElo "1621"]
[PlyCount "112"]
[EventDate "2024.07.28"]
[EventType "swiss"]
[EventRounds "7"]
[EventCountry "ENG"]
[SourceTitle "EXT 2025"]
[Source "ChessBase"]
[SourceDate "2024.10.14"]
[SourceVersion "1"]
[SourceVersionDate "2024.10.14"]
[SourceQuality "1"]

1. e4 c5 2. Nf3 d6 3. Bb5+ Bd7 4. Bxd7+ Nxd7 5. Nc3 Ngf6 6. d4 cxd4 7. Nxd4 a6 8. Be3 g6 9. f3 Bg7 10. Qd2 h5 11. 0-0 Ne5 12. b3 Rc8 13. Rfc1 Nfd7 14. Rab1 h4 15. Nd5 h3 16. g3 Nc6 17. Nxc6 bxc6 18. Nc3 Ne5 19. Kf2 c5 20. Na4 Qc7 21. Qe2 a5 22. Qb5+ Kf8 23. Bd2 Nc6 24. Qb6 Bd4+ 25. Kf1 Qxb6 26. Nxb6 Rc7 27. Nc4 Ra7 28. a3 Kg7 29. Nb6 Rb8 30. Na4 Bf6 31. Bc3 Nd4 32. Kf2 Nb5 33. Bxf6+ Kxf6 34. Ra1 Ke5 35. Nb2 Nc3 36. Ke3 d5 37. Nd3+ Kd6 38. Nf4 d4+ 39. Kd3 e5 40. Ne2 Nxe2 41. Kxe2 a4 42. Rcb1 Rab7 43. b4 cxb4 44. axb4 Rxb4 45. Rd1 Kc5 46. Kd3 Rc4 47. Rdb1 Rc3+ 48. Kd2 Rxb1 49. Rxb1 Rxf3 50. Ra1 Rf2+ 51. Kd3 a3 52. g4 Rxh2 53. Rxa3 Rg2 54. Ra1 Rxg4 55. Rh1 Rg3+ 56. Kd2 Kc4 0-1

[Event "BCF-ch U12"]
[White "Pustyntsev, Oleksii"]
[Black "Purle, David"]
[Site "Hull"]
[Round "2"]
[Result "1-0"]
[Date "2024.07.29"]
[WhiteElo "1597"]
[BlackElo "1505"]
[PlyCount "21"]
[EventDate "2024.07.28"]
[EventType "swiss"]
[EventRounds "7"]
[EventCountry "ENG"]
[SourceTitle "EXT 2025"]
[Source "ChessBase"]
[SourceDate "2024.10.14"]
[SourceVersion "1"]
[SourceVersionDate "2024.10.14"]
[SourceQuality "1"]

1. d4 Nf6 2. Bf4 d5 3. e3 c5 4. c4 Nc6 5. Nc3 e6 6. Nb5 e5 7. dxe5 Ne4 8. Qxd5 Qxd5 9. cxd5 Nb4 10. Rd1 Kd8 11. f3 1-0